| 000 | 00733nam a2200217Ia 4500 | ||
|---|---|---|---|
| 999 |
_c37721 _d37721 |
||
| 001 | 3696 | ||
| 003 | GE_BSU | ||
| 005 | 20190805155614.0 | ||
| 008 | 181216s2012||||gb |||||||||||||| ||ger|| | ||
| 020 | _a9783851325546 | ||
| 040 | _cGE_BSU | ||
| 041 | _ager | ||
| 080 | _a32(430) | ||
| 100 |
_aComte, Auguste _93109 |
||
| 245 |
_aSystem der positiven Politik / _cVierter Band von vier Bänden. Enthaltend das synthetische Tableau der Zukunft der Menschheit. Aus dem Französischen übersetzt von Jürgen Brankel. IV |
||
| 264 |
_aBerlin: _bVerlag Turia + Kant, _c2012. |
||
| 300 |
_a460 с. ; _b24 см. |
||
| 653 | _aპოლიტიკა | ||
| 700 |
_aBrankel, Jürgen _eმთარგმნელი _92400 |
||
| 942 |
_cBK _2udc |
||